00573cam a22001692 4500001001100000005001700011008004100028040001500069050002600084100003500110245008500145260003000230300001800260650004500278650005000323700003000373000000420020151217145758.0070521s xx 000 0 eng d aKABUcKABU 0aQA76.76b.I57E73 19961 aErickson, Fritz J.@000013618710aEffective Microsoft Works 4.0 for Windows 95 /cFirtz J. Erickson, John A. Vonk. aChicago :bIrwin,cc1996. axviii, 382 p. 0aMicrosoft Works for Windows.@0000154635 0aMicrosoft Windows (Computer file)@00001484021 aVonk, John A.@0000136188